On a stability property of equilibrium of semilinear Volterra integral equations /
Wedi'i Gadw mewn:
| Prif Awdur: | |
|---|---|
| Fformat: | Erthygl |
| Iaith: | English |
| Pynciau: | |
| Tagiau: |
Ychwanegu Tag
Dim Tagiau, Byddwch y cyntaf i dagio'r cofnod hwn!
|
| Thư viện lưu trữ: | Thư viện Trường Đại học Đà Lạt |
|---|
| LEADER | 00822nam a2200265 4500 | ||
|---|---|---|---|
| 001 | DLU090093148 | ||
| 005 | ##20091201 | ||
| 040 | # | # | |a DLU |b eng |
| 041 | # | # | |a eng |
| 044 | # | # | |a jp |
| 100 | # | # | |a Kato, Nobuyuki. |
| 245 | # | # | |a On a stability property of equilibrium of semilinear Volterra integral equations / |c Nobuyuki Kato. |
| 653 | # | # | |a Equilibrium points |
| 653 | # | # | |a Semilinear Volterra integral equations |
| 653 | # | # | |a Stability |
| 773 | # | # | |t Advances in Mathematical Sciences and Applications |g Vol. 7, no. 1 (1996), p. 37-44 |
| 920 | # | # | |a Phòng Tạp chí -- Trung tâm Thông tin - Thư viện Trường Đại học Đà Lạt |
| 994 | # | # | |a DLU |
| 900 | # | # | |a True |
| 911 | # | # | |a Trương Bảo Trâm Anh |
| 925 | # | # | |a G |
| 926 | # | # | |a A |
| 927 | # | # | |a BB |
| 980 | # | # | |a Thư viện Trường Đại học Đà Lạt |